| 000 | 00401 a2200157 4500 | ||
|---|---|---|---|
| 003 | Nust | ||
| 005 | 20170207154603.0 | ||
| 040 | _cNust | ||
| 082 | _a297 | ||
| 110 | _aKhan, Chaudhry Muhammad yasin | ||
| 245 |
_aIlmi Islamiyat vo Mutalya Pakistan _cChaudhry Mohamad Yasin Khan |
||
| 260 |
_al _bIlmi Kitam Khana _c2012 |
||
| 300 | _a246p | ||
| 538 | _aAlmirah no 66, Shelf no 1 | ||
| 610 | _aIslamic Studies | ||
| 942 |
_2ddc _cBK |
||
| 999 |
_c198669 _d198669 |
||